000 00799pam a2200289 i 4500
001 1745207
005 20150413160403.0
006 000
007 000
008 000
010 _a 75034139
020 _a0070043752 :
_c$3.50
040 _a000
_cDLC
_dDLC
050 0 0 _aQE41
_b.B385
082 0 0 _a550
100 1 _aBeiser, Arthur.
245 1 0 _aSchaum's outline of theory and problems of earth sciences /
_cArthur Beiser.
260 _aNew York :
_bMcGraw-Hill,
_cc1975.
300 _a129 p. :
_bill. ;
_c28 cm.
490 0 _aSchaum's outline series in science
490 0 _aSchaum's outline series
500 _aIncludes index.
650 0 _aEarth sciences
_xOutlines, syllabi, etc.
740 _aEarth sciences.
906 _a7
_bcbc
_corignew
_d1
_eocip
_f19
_gy-gencatlg
942 _2lcc
_cLL
999 _c4751
_d4751